<?xml version="1.0" encoding="UTF-8"?>
<collection xmlns="http://www.loc.gov/MARC21/slim">
    <record>
        <controlfield tag="001">84654</controlfield>
        <controlfield tag="005">20191111224555.0</controlfield>
        <datafield tag="024" ind1="7" ind2=" ">
            <subfield code="2">doi</subfield>
            <subfield code="a">10.26754/CINAIC.2019.0141</subfield>
        </datafield>
        <datafield tag="037" ind1=" " ind2=" ">
            <subfield code="a">COMPON-2019-CINAIC-0141</subfield>
        </datafield>
        <datafield tag="041" ind1=" " ind2=" ">
            <subfield code="a">spa</subfield>
        </datafield>
        <datafield tag="100" ind1=" " ind2=" ">
            <subfield code="a">Vázquez-Ingelmo, Andrea</subfield>
            <subfield code="u">Universidad de Salamanca, España</subfield>
        </datafield>
        <datafield tag="245" ind1=" " ind2=" ">
            <subfield code="a">Resultados preliminares tras tres años aplicando aprendizaje basado en proyectos en ingeniería del software</subfield>
        </datafield>
        <datafield tag="260" ind1=" " ind2=" ">
            <subfield code="c">2019</subfield>
        </datafield>
        <datafield tag="506" ind1=" " ind2=" ">
            <subfield code="a">Access copy available to the general public</subfield>
            <subfield code="f">Unrestricted</subfield>
        </datafield>
        <datafield tag="520" ind1="3" ind2=" ">
            <subfield code="a">La materia de Ingeniería del Software forma parte de los planes de estudio de la mayor parte de los grados en Ingeniería Informática ofertados por las universidades españolas. En el contexto de la Universidad de Salamanca, la materia se imparte desde el segundo curso a través de tres asignaturas. Los estudiantes que cursan por primera vez la materia se enfrentan a una gran cantidad de conceptos nuevos, así como a la necesidad de desarrollar el pensamiento abstracto. Esta situación supone un desafío para los docentes de ingeniería del software. Con objeto de abordar la problemática y mejorar los resultados de aprendizaje, se ha planteado un cambio metodológico global basado en la incorporación del aprendizaje basado en proyectos como eje central, así como otras técnicas asociadas al aprendizaje activo. El presente trabajo describe el cambio metodológico y analiza los resultados obtenidos a lo largo de los últimos tres cursos académicos (2016-17, 2017-18, 2018-19).</subfield>
        </datafield>
        <datafield tag="540" ind1=" " ind2=" ">
            <subfield code="9">info:eu-repo/semantics/openAccess</subfield>
            <subfield code="a">by-nc-nd</subfield>
            <subfield code="u">http://creativecommons.org/licenses/by-nc-nd/3.0/es/</subfield>
        </datafield>
        <datafield tag="655" ind1=" " ind2="4">
            <subfield code="a">Comunicación</subfield>
        </datafield>
        <datafield tag="700" ind1=" " ind2=" ">
            <subfield code="a">García-Holgado, Alicia</subfield>
            <subfield code="u">Universidad de Salamanca, España</subfield>
        </datafield>
        <datafield tag="700" ind1=" " ind2=" ">
            <subfield code="a">García-Peñalvo, Francisco J.</subfield>
            <subfield code="u">Universidad de Salamanca, España</subfield>
        </datafield>
        <datafield tag="700" ind1=" " ind2=" ">
            <subfield code="a">Rodríguez-Conde, Mª José</subfield>
            <subfield code="u">Universidad de Salamanca, España</subfield>
        </datafield>
        <datafield tag="773" ind1=" " ind2=" ">
            <subfield code="d">Zaragoza</subfield>
            <subfield code="g">Aprendizaje, Innovación y Cooperación como impulsores del cambio metodológico. Actas del V Congreso Internacional sobre Aprendizaje, Innovación y Cooperación. CINAIC 2019 (9-11 de Octubre de 2019, Madrid, España)</subfield>
        </datafield>
        <datafield tag="856" ind1="4" ind2=" ">
            <subfield code="s">952698</subfield>
            <subfield code="u">http://zaguan.unizar.es/record/84654/files/141.pdf</subfield>
        </datafield>
        <datafield tag="909" ind1="C" ind2="O">
            <subfield code="o">oai:zaguan.unizar.es:84654</subfield>
            <subfield code="p">comunicaciones-ponencias</subfield>
        </datafield>
        <datafield tag="970" ind1=" " ind2=" ">
            <subfield code="a">COMPON-2019-CINAIC-0141</subfield>
        </datafield>
        <datafield tag="980" ind1=" " ind2=" ">
            <subfield code="a">COMPON</subfield>
        </datafield>
    </record>

    
</collection>